Trivia questions-Science - Statistics

General Stats
  • This quiz has been taken 47 times
  • The average score is 5 of 10
Answer Stats
Clue Answer % Correct
What is the only metal that is liquid at room temperature? Mercury
95%
On what continent will you not find bees? Antarctica
86%
What is the hardest material on Earth? Diamond
72%
What does the acronym RNA stand for? Ribonucleic acid
53%
What is”light amplification by stimulated emission of radiation” more commonly known as? Laser
51%
What is the name of the tallest grass on earth? Bamboo
49%
What is the chemical formula for methane CH4
47%
At what temperature are Celsius and Fahrenheit equal? -40
35%
What element did Joseph Priestley discover in 1774? Oxygen
26%
Where is the lowest gravitational force on earth? (Country) Sri Lanka
2%
No matching quizzes found
Score Distribution
Percent of People with Each Score
Percentile by Number Answered
Your Score History
You have not taken this quiz